| 000 | 00644nam a22001817a 4500 | ||
|---|---|---|---|
| 999 |
_c15237 _d15237 |
||
| 003 | OSt | ||
| 082 | _2631.587 PRE/ST | ||
| 088 | _aP 93 | ||
| 100 |
_aPREMRAJ P _94004 |
||
| 245 | _aStudy of Bharathapuzha basin with special reference to checkdams | ||
| 260 |
_aTavanur 1999 _bDepartment of irrigation and drainage engineering |
||
| 300 | _a122 | ||
| 500 | _aStudy of Bharathapuzha basin with special reference to checkdams | ||
| 520 | _aStudy of Bharathapuzha basin with special reference to checkdams | ||
| 700 |
_aEr. Suseela P (Guide) _93768 |
||
| 856 | _uhttps://drive.google.com/open?id=1tdS2KBPHwgYNIBd_zAqrxhuQBeqcNI3_ | ||
| 942 | _cPR | ||